Computer security: (Record no. 1108)

MARC details
000 -LEADER
fixed length control field 00625nam a22001937a 4500
005 - DATE AND TIME OF LATEST TRANSACTION
control field 20230801060008.0
008 - FIXED-LENGTH DATA ELEMENTS--GENERAL INFORMATION
fixed length control field 230214b |||||||| |||| 00| 0 eng d
020 ## - INTERNATIONAL STANDARD BOOK NUMBER
International Standard Book Number 978-0-7637-5994-0
082 ## - DEWEY DECIMAL CLASSIFICATION NUMBER
Classification number 005.8 N554 2010
100 ## - MAIN ENTRY--PERSONAL NAME
Personal name Newman, Robert C.
Relator term author
245 ## - TITLE STATEMENT
Title Computer security:
Remainder of title protecting digital resources /
Statement of responsibility, etc. Robert C Newman
260 ## - PUBLICATION, DISTRIBUTION, ETC.
Place of publication, distribution, etc. Sudburry, Mass:
Name of publisher, distributor, etc. Jones and Bartlett Publishers,
Date of publication, distribution, etc. c2010
300 ## - PHYSICAL DESCRIPTION
Extent Xxviii, 453p.:
Other physical details ill.
504 ## - BIBLIOGRAPHY, ETC. NOTE
Bibliography, etc. note Includes bibliographies and index
541 ## - IMMEDIATE SOURCE OF ACQUISITION NOTE
Accession number 1906
650 ## - SUBJECT ADDED ENTRY--TOPICAL TERM
Topical term or geographic name entry element Data security
650 ## - SUBJECT ADDED ENTRY--TOPICAL TERM
Topical term or geographic name entry element Computer security
650 ## - SUBJECT ADDED ENTRY--TOPICAL TERM
Topical term or geographic name entry element Computer networks - Security measures
Holdings
Withdrawn status Lost status Source of classification or shelving scheme Damaged status Not for loan Home library Current library Date acquired Total Checkouts Full call number Barcode Date last seen Copy number Price effective from Koha item type
    Dewey Decimal Classification     ctu-moalboal ctu-moalboal 01/17/2012   005.8 N554 2010 1906 02/14/2023 1 02/14/2023 Books-Reference